=LDR 00000nam 2200000 4500 =001 INLIS000000000027415 =005 20221031080114 =035 ##$$a 0010-061300000027415 =008 221031################g##########0#ind## =041 ##$$a Ind =082 ##$$a 372 =090 ##$$a 155.4, Rac m =100 ##$$a Rachman,Eileen =245 1#$$a Mengoptimalkan kecerdasan anak dengan mengasah IQ & EQ, /$c Eileen Rachman =260 ##$$a Jakarta :$b Gramedia,$c 2005 =300 ##$$a 77 hlm : $b Ilus ; $c 20 cm =650 #4$$a Psikologi-anak =850 ##$$a NBPNMAT =020 ##$$a 979-22-1203-5 =084 ##$$a 372 RAC m =990 ##$$a 0001/BPAP-NTB/20142014 =990 ##$$a 0001/BPAP-NTB/20142014 =990 ##$$a 2090101351/BPAP-NTB/2015 =990 ##$$a 30701385 =990 ##$$a 0001/BPAP-NTB/20142014 =990 ##$$a 30701383 =990 ##$$a 30701385